Auburn Starting QBs in the CFP Era - Statistics

General Stats
  • This quiz has been taken 98 times
  • The average score is 7 of 9
Answer Stats
Year(s) # Player % Correct
2019, 2020, 2021 10 Bo Nix
95%
2023, 2024 1 Payton Thorne
95%
2017, 2018 8 Jarrett Stidham
84%
2013, 2014 14 Nick Marshall
81%
2022 9 Robby Ashford
76%
2021, 2022 1 TJ Finley
73%
2024 15 Hank Brown
68%
2015, 2016 13 Sean White
53%
2013, 2014, 2015, 2016 6 Jeremy Johnson
48%
No matching quizzes found
Score Distribution
Percent of People with Each Score
Percentile by Number Answered
Your Score History
You have not taken this quiz